Влияние параметров SLM печати на структуру и механические свойства стали 03Х17Н14М3; Перспективные материалы конструкционного и функционального назначения

Λεπτομέρειες βιβλιογραφικής εγγραφής
Parent link:Перспективные материалы конструкционного и функционального назначения.— 2023.— С. 374-376
Κύριος συγγραφέας: Овчаренко В. А.
Συγγραφή απο Οργανισμό/Αρχή: Национальный исследовательский Томский политехнический университет
Άλλοι συγγραφείς: Стрелкова И. Л. Ирина Леонидовна
Περίληψη:Текстовый файл
Γλώσσα:Ρωσικά
Έκδοση: 2023
Σειρά:Аддитивные технологии
Θέματα:
Διαθέσιμο Online:http://earchive.tpu.ru/handle/11683/77232
Μορφή: MixedMaterials Ηλεκτρονική πηγή Κεφάλαιο βιβλίου
KOHA link:https://koha.lib.tpu.ru/cgi-bin/koha/opac-detail.pl?biblionumber=670154

MARC

LEADER 00000naa2a2200000 4500
001 670154
005 20240119153213.0
090 |a 670154 
100 |a 20240116d2023 k||y0rusy50 ca 
101 0 |a rus 
102 |a RU 
135 |a drbn ---uucaa 
200 1 |a Влияние параметров SLM печати на структуру и механические свойства стали 03Х17Н14М3  |f В. А. Овчаренко, И. Л. Стрелкова  |g Национальный исследовательский Томский политехнический университет 
225 |a Аддитивные технологии 
283 |2 RDAcarrier 
320 |a Список использованных источников: с. 376 
336 |a Текстовый файл 
463 1 |0 670083  |9 670083  |a Буякова, С. П. (специалист в области материаловедения ; 1968-)  |c Томск  |d 2023  |n Изд-во ТПУ  |o сборник научных трудов Международной научно-технической молодежной конференции, Томск, 11–15 декабря 2023 г.  |t Перспективные материалы конструкционного и функционального назначения  |u conference_tpu-2023-C125.pdf  |v С. 374-376 
610 1 |a электронный ресурс 
610 1 |a труды учёных ТПУ 
610 1 |a SLM печать 
610 1 |a стали 
610 1 |a механические свойства 
610 1 |a структура 
700 1 |a Овчаренко  |b В. А. 
701 1 |a Стрелкова  |b И. Л.  |c специалист в области материаловедения  |c доцент Томского политехнического университета, кандидат технических наук  |f 1976-  |g Ирина Леонидовна  |9 13193 
712 0 2 |a Национальный исследовательский Томский политехнический университет  |c (2009- )  |9 26305 
801 0 |a RU  |b 63413507  |c 20240116 
850 |a 63413507 
856 |u http://earchive.tpu.ru/handle/11683/77232  |z http://earchive.tpu.ru/handle/11683/77232 
942 |c CF